01020nmc a2200313 a 4500003000900000005001700009008004100026020001800067040001300085245008000098260003900178300001100217490002300228500005200251500003700303504006300340650002400403650001900427650001600446650001700462650001500479650002400494650001300518650003500531650004300566700003100609700003300640800003300673AR-BaBNM20251128205045.0226019s1994 ||||||||||||||000 | spa|| a950-602-309-3 cAR-BaBNM10aIndividuos bajo influenciabdrogas, alcoholes, medicamentos psicotrópicos aBuenos AiresbNueva Visiónc19940 a319 p. 0aCultura y sociedad0 aContiene referencias bibliográficas en p. 3270 aLista de colaboradores en p. 331 aBreve bibliografía razonada por Albert Ogien: p. 319-326 4aSOCIOLOGIA CULTURAL 4aCONTRACULTURAS 4aTOXICOLOGIA 4aDROGADICCION 4aPSICOLOGIA 4aESTUDIOS CULTURALES 4aADICCION 4aANTROPOLOGIA CULTURAL Y SOCIAL 4aPSICOLOGIA DE LOS PROCESOS SENSORIALES1 aEhrenberg, Alainedirector1 aAckerman, Vivianaetraductor1 aAltamirano, Carlosedirector